000 00326nam a2200109Ia 4500
008 171211s9999 xx 000 0 und d
245 _aCapital Markets Law and Compliance: The Implications of MiFID
245 _cPaul Nelson
260 _c2008
650 _xECONOMICS
856 _uhttp://down.ebook777.com/063/9780521889360.pdf
999 _c349563
_d349563